Statistics for Marseille Scorers in Ligue 1 2019-20

Click here to take the quiz!

General Stats

  • This quiz has been taken 79 times
  • The average score is 7 of 10

Answer Stats

PlayerGoals% Correct
Dimitri Payet9
100%
Darío Benedetto11
85%
Valère Germain2
73%
Boubacar Kamara1
69%
Morgan Sanson5
69%
Duje Ćaleta-Car1
68%
Bouna Sarr1
67%
Jordan Amavi1
59%
Nemanja Radonjić5
47%
Kevin Strootman2
44%

Score Distribution

Percentile by Number Answered

Percent of People with Each Score

Your Score History

You have not taken this quiz